| 000 | 00443nam a2200157 i 4500 | ||
|---|---|---|---|
| 001 | 68216 | ||
| 003 | ES-MaACL | ||
| 005 | 20230906170227.0 | ||
| 007 | t| | ||
| 008 | 040611s1966 sp ||||1| spa d | ||
| 100 | 1 |
_aGarcía, José Luis. _954047 |
|
| 245 | 1 | 3 |
_aLa economía española y el plan de desarrollo / _cJosé Luis Rodríguez. |
| 260 |
_aMadrid : _bZYX, _c[1966] |
||
| 300 |
_a47 p. ; _c17 cm. |
||
| 852 |
_aES-MaACL _jC-30060 _bR.60194 |
||
| 999 |
_c68216 _d68216 |
||